000 00601nam a2200241Ia 4500
003 OSt
005 20221005033156.0
006 a|||||r|||| 00| 0
007 ta
008 221004b |||||||| |||| 00| 0 eng d
024 _a60197
037 _cTextual
040 _aCRL
_cCRL
_beng
041 _2eng
_aeng
082 _aV2:51wN, M3
100 _aVishnoo Bhagwan
245 0 _aIndian political thinkers
260 _aDelhi
_bAtma Ram
_c1983
300 _a373p.
_ccm.
650 _aHISTORY
942 _hV2:51wN, M3
_cTEXL
_2cc
999 _c941098
_d941098